[Event "Fide Women Grand Prix Tashkent 2013"]
[Site "Tashkent UZB"]
[Date "2013.09.19"]
[Round "2.2"]
[White "Ju, Wenjun"]
[Black "Lagno, Kateryna"]
[Result "1/2-1/2"]
[WhiteElo "2535"]
[BlackElo "2532"]
[PlyCount "66"]
[EventDate "2013.09.18"]
[EventType "tourn"]
[EventRounds "11"]
[EventCountry "UZB"]
[EventCategory "10"]
[Source "lmi"]
[SourceDate "2013.09.18"]

1. d4 Nf6 2. c4 g6 3. Nc3 d5 4. Bf4 Bg7 5. e3 c5 6. dxc5 Qa5 7. Rc1 dxc4 8.
Bxc4 O-O 9. Nge2 Qxc5 10. Qb3 Nc6 11. Nb5 Qh5 12. Ng3 Qh4 13. Nc7 e5 14. Bxe5
Nxe5 15. Nxa8 Bd7 16. Nc7 Bc6 17. Nd5 Kh8 18. Nf4 g5 19. Nd3 Nxd3+ 20. Bxd3
Bxg2 21. Nf5 Qh3 22. Nxg7 Kxg7 23. Bf1 Ne4 24. Qc2 Re8 25. Bxg2 Qxg2 26. Rf1
Qxh2 27. Qc7 Re5 28. Rc2 Nxf2 29. Re2 Qg3 30. Rfxf2 Qg1+ 31. Rf1 Qg3+ 32. Rff2
Qg1+ 33. Rf1 Qg3+ 1/2-1/2

[Event "Fide Women Grand Prix Tashkent 2013"]
[Site "Tashkent UZB"]
[Date "2013.09.19"]
[Round "2.6"]
[White "Nakhbayeva, Guliskhan"]
[Black "Harika, Dronavalli"]
[Result "1/2-1/2"]
[WhiteElo "2307"]
[BlackElo "2475"]
[PlyCount "67"]
[EventDate "2013.09.18"]
[EventType "tourn"]
[EventRounds "11"]
[EventCountry "UZB"]
[EventCategory "10"]
[Source "lmi"]
[SourceDate "2013.09.18"]

1. d4 Nf6 2. c4 Nc6 3. Nf3 e6 4. Nc3 Bb4 5. e3 d6 6. Bd2 O-O 7. Be2 e5 8. d5
Ne7 9. O-O h6 10. a3 Bxc3 11. Bxc3 Ne4 12. Rc1 Bg4 13. b4 Nxc3 14. Rxc3 a5 15.
h3 axb4 16. axb4 Bxf3 17. Bxf3 Ng6 18. g3 f5 19. e4 f4 20. Bg4 Kh8 21. Qe2 Ra4
22. Rb1 Qa8 23. Bf5 Ne7 24. Bg4 Ng6 25. Bf5 Ne7 26. Bg4 Ra1 27. Rcb3 Qa7 28.
Kg2 Ra2 29. R1b2 Ra1 30. Rb1 Ra2 31. R1b2 Ra1 32. Rb1 Ra2 33. R1b2 Ra1 34. Rb1
1/2-1/2